NBA 60-Pointers (2023) - Statistics

General Stats
  • This quiz has been taken 2,049 times
    1,736 since last reset
  • The average score is 61 of 84
Answer Stats
Year Points Player % Correct
2014 61 LeBron James
93%
2016 60 Kobe Bryant
92%
2009 61 Kobe Bryant
92%
2007 60 Kobe Bryant
92%
2007 65 Kobe Bryant
92%
2006 81 Kobe Bryant
92%
2005 62 Kobe Bryant
92%
1969 66 Wilt Chamberlain
90%
1969 60 Wilt Chamberlain
90%
1967 68 Wilt Chamberlain
90%
1966 62 Wilt Chamberlain
90%
1966 65 Wilt Chamberlain
90%
1964 63 Wilt Chamberlain
90%
1964 62 Wilt Chamberlain
90%
1963 70 Wilt Chamberlain
90%
1963 62 Wilt Chamberlain
90%
1963 67 Wilt Chamberlain
90%
1962 61 Wilt Chamberlain
90%
1962 63 Wilt Chamberlain
90%
1962 61 Wilt Chamberlain
90%
1962 61 Wilt Chamberlain
90%
1962 73 Wilt Chamberlain
90%
1962 72 Wilt Chamberlain
90%
1962 100 Wilt Chamberlain
90%
1962 61 Wilt Chamberlain
90%
1962 65 Wilt Chamberlain
90%
1962 67 Wilt Chamberlain
90%
1962 61 Wilt Chamberlain
90%
1962 67 Wilt Chamberlain
90%
1962 65 Wilt Chamberlain
90%
1962 62 Wilt Chamberlain
90%
1962 62 Wilt Chamberlain
90%
1962 62 Wilt Chamberlain
90%
1962 73 Wilt Chamberlain
90%
1961 60 Wilt Chamberlain
90%
1961 61 Wilt Chamberlain
90%
1961 78 Wilt Chamberlain
90%
1961 60 Wilt Chamberlain
90%
1961 67 Wilt Chamberlain
90%
2021 62 Stephen Curry
89%
1993 64 Michael Jordan
88%
1990 69 Michael Jordan
88%
1987 61 Michael Jordan
88%
1987 61 Michael Jordan
88%
1986 63 Michael Jordan
88%
2023 71 Donovan Mitchell
86%
2023 71 Damian Lillard
84%
2023 60 Damian Lillard
84%
2020 61 Damian Lillard
84%
2020 61 Damian Lillard
84%
2019 60 Damian Lillard
84%
2022 60 Luka Dončić
79%
2017 70 Devin Booker
77%
2019 60 James Harden
75%
2019 61 James Harden
75%
2019 61 James Harden
75%
2018 60 James Harden
75%
2000 61 Shaquille O'Neal
74%
1962 63 Jerry West
73%
2016 60 Klay Thompson
64%
1978 73 David Thompson
63%
1985 60 Larry Bird
62%
2022 60 Kyrie Irving
60%
1994 71 David Robinson
58%
2005 60 Allen Iverson
53%
2021 60 Jayson Tatum
48%
1990 61 Karl Malone
48%
1962 61 Elgin Baylor
44%
1961 63 Elgin Baylor
44%
1960 71 Elgin Baylor
44%
1959 64 Elgin Baylor
44%
2022 60 Karl-Anthony Towns
44%
2014 62 Carmelo Anthony
42%
2004 62 Tracy McGrady
37%
1952 61 George Mikan
34%
2021 60 Bradley Beal
29%
1978 63 George Gervin
26%
2018 60 Kemba Walker
19%
1974 64 Rick Barry
18%
2006 60 Gilbert Arenas
17%
1984 60 Bernard King
15%
1977 68 Pete Maravich
15%
1949 63 Joe Fulks
11%
1990 60 Tom Chambers
6%
No matching quizzes found
Score Distribution
Percent of People with Each Score
Percentile by Number Answered
Your Score History
You have not taken this quiz since the last reset